000 00614nam a2200241Ia 4500
003 OSt
005 20220918182401.0
006 a|||||r|||| 00| 0
007 ta
008 220917b |||||||| |||| 00| 0 eng d
024 _a32,215
037 _cTextual
040 _aARTS
_cARTS
_beng
041 _2eng
_aeng
082 _aO-,3K67,1, L2
100 _aSwaim K M
_960165
245 0 _aReading of Gullivers travels
260 _aHague
_bMouton
_c1972
300 _a219p.
_ccm.
650 _aENGLISH LITERATURE
942 _hO-,3K67,1, L2
_cTEXL
_2CC
999 _c168786
_d168786